[Event "American Continental-ch 2018"]
[Site "Montevideo"]
[Date "2018.06.01"]
[Round "1"]
[White "Durante, Aurelio"]
[Black "Rodriguez Vila, Andres"]
[Result "0-1"]
[WhiteElo "2006"]
[BlackElo "2483"]
[Annotator "TA"]
[PlyCount "106"]
[EventDate "2018.??.??"]
[EventType "swiss"]
[EventCountry "URU"]
[SourceTitle "playchess.com"]
[Source "ChessBase"]
[SourceQuality "1"]

{[%evp 11,106,17,18,-29,-24,-12,-20,-30,5,-49,-39,-44,-10,-10,0,-8,0,-24,-27,-30,-22,-45,-52,-78,-37,-40,0,-73,-72,-75,-75,-74,-72,-73,-69,-89,-84,-97,-98,-96,-41,-37,-31,-36,-30,-39,0,-189,-175,-205,-189,-214,-204,-219,-181,-204,-181,-167,-144,-135,-64,-62,-43,-116,-52,-26,0,0,0,0,0,0,0,0,0,-260,-264,-260,-263,-225,-208,-203,-210,-294,-284,-422,-361,-332,-338,-445,-430,-718,-433,-387,-242,-29991,-2925]} 1. e4 e6 2. d3 d5 3. Nd2 Nf6 4. Ngf3 Bc5 5. e5 Nfd7 6. c3 Be7 {LiveBook: 7 Games. C00: French: Unusual White 2nd moves} (6... b6 7. h4 h6 8. Qa4 a5 9. Qg4 Bf8 10. d4 c5 11. c4 Bb7 12. cxd5 Bxd5 13. Bc4 Nc6 14. O-O {½-½ (44) Zvjaginsev,V (2659)-Nepomniachtchi,I (2602) Sochi 2007}) 7. g3 c5 8. d4 Nc6 {The position is equal.} 9. Be2 $146 ({Predecessor:} 9. Nb3 O-O 10. Bh3 b5 11. O-O a5 12. Nxc5 Nxc5 13. dxc5 Bxc5 14. a3 {0-1 (49) Klimentov,R (2213)-Krivtsov,A (1953) Voronezh 2015}) 9... Qb6 {[%cal Rc5d4]} 10. Qb3 (10. Nb3 $11) 10... cxd4 11. Qxb6 Nxb6 (11... axb6 {keeps more tension.} 12. cxd4 Nb4 13. O-O Nc2 14. Rb1 Rxa2 15. b3 Nb4) 12. cxd4 Bd7 13. O-O a5 {[%cal Ba7a5,Ba5a4][%mdl 32]} 14. Nb1 a4 15. Nc3 O-O 16. Be3 Rfc8 {[%cal Bf8c8,Bc8c4,Bc4b4][%mdl 32]} 17. Rfc1 Na5 18. Nd2 f6 19. f4 (19. exf6 $11 {remains equal.} Bxf6 20. Rab1) 19... Nbc4 $17 20. Nxc4 Nxc4 21. Bxc4 Rxc4 22. Ne2 Bb5 23. Kf2 Rb4 24. Rc2 Bd3 25. Rd2 Bxe2 (25... Bf5 $17) 26. Kxe2 $15 Rc8 27. Kd3 Rbc4 $36 {[%mdl 2048] Black is pushing.} 28. Rdd1 a3 29. b3 $2 (29. Rab1 $11 {and White stays safe.}) 29... Rc3+ $1 $19 30. Ke2 Rc2+ 31. Rd2 Bb4 32. Rxc2 Rxc2+ {[%mdl 4096] Endgame KRB-KRB} 33. Kf3 Rxh2 34. Bf2 fxe5 35. dxe5 {[#]} g5 $1 {[%mdl 512]} 36. fxg5 $15 Bd2 37. Bc5 (37. Bg1 $1 $15 Rh5 38. Bd4) 37... Bc3 ({Black should try} 37... Bxg5 $17 38. Bxa3 Kg7) 38. Rc1 Bxe5 39. Re1 Bg7 40. Rxe6 Rxa2 41. Re8+ Kf7 42. Re7+ Kg6 {aiming for ...Bf8.} 43. Kg4 $2 {[%mdl 8192]} (43. Rxb7 $11 {and White is okay.} Bc3 44. Rb6+ Kf7 45. Rb7+ Kg6 46. Rb6+ Kf7 47. Rb7+ Kg6) 43... Bf8 $19 44. Re6+ Kg7 45. Bd4+ Kg8 {Strongly threatening ...Rd2.} 46. Re8 {Bc5 is the strong threat.} Rc2 47. Ra8 a2 48. Bf6 (48. Kf5 {is the only way for White.}) 48... Rf2 49. Bd4 Rd2 50. Bf6 Kf7 51. Ra7 (51. Bc3 $142 Rg2 52. Kf3) 51... Bc5 52. Rxb7+ Ke6 53. Kh5 $2 (53. Rxh7 $19 d4 54. Rh1) 53... d4 {Precision: White = 42%, Black = 57%.} (53... Rh2+ $142 54. Kg4 h5+ 55. gxh6 Kxf6 56. Rb4 Bxb4 57. h7 a1=Q 58. h8=Q+ Rxh8 59. Kf3 Qh1+ 60. Kf2 Rh2+ 61. Ke3 Qe4#) 0-1

[Event "American Continental-ch 2018"]
[Site "Montevideo"]
[Date "2018.06.01"]
[Round "1"]
[White "Izquierdo, Sebastian"]
[Black "Cori Quispe, Kevin Joel"]
[Result "0-1"]
[WhiteElo "1992"]
[BlackElo "2468"]
[Annotator "TA"]
[PlyCount "94"]
[EventDate "2018.??.??"]
[EventType "swiss"]
[EventCountry "URU"]
[SourceTitle "playchess.com"]
[Source "ChessBase"]
[SourceQuality "1"]

{[%evp 24,94,0,0,0,0,0,1,6,0,3,0,-7,-2,0,-14,0,0,0,0,18,0,0,0,0,0,0,0,0,0,0,0,0,0,0,0,0,0,0,0,0,0,0,0,0,0,0,0,0,0,0,0,0,0,0,0,0,-14,0,-10,0,-60,-60,-482,-482,-467,-457,-448,-418,-622,-454,-1300,-1299]} 1. d4 Nf6 2. Nf3 e6 3. c4 Bb4+ 4. Bd2 Qe7 5. g3 Nc6 6. Bg2 Bxd2+ 7. Nbxd2 d6 8. O-O a5 9. a3 O-O 10. Qc2 e5 11. d5 Nb8 12. e4 Na6 13. Ne1 Bg4 {next ...Be2 is good for Black. E11: Bogo-Indian} (13... Nc5 14. b3 Ng4 15. Nd3 Nxd3 16. Qxd3 f5 17. f3 Nh6 18. f4 exf4 19. gxf4 fxe4 20. Bxe4 Nf5 21. Nf3 {0-1 (37) Bucher,M (2220)-Riff,J (2319) Switzerland 2005}) 14. f3 $146 ({Predecessor:} 14. Nd3 Be2 15. Rfc1 Bxd3 16. Qxd3 Nc5 17. Qc3 a4 18. Re1 Ra6 19. b4 axb3 20. Nxb3 Nfd7 21. Nxc5 Nxc5 {0-1 (35) Avery,B (1808)-Swager,J ICCF email 2014}) 14... Bd7 15. Nd3 c6 {The position is equal.} 16. Rfc1 Rfc8 17. Qb3 Qd8 18. Kh1 a4 19. Qd1 $1 cxd5 20. cxd5 Bb5 21. Bf1 Qb6 22. Rxc8+ Rxc8 23. Rc1 Rxc1 24. Qxc1 g6 25. Kg2 Nd7 26. Nf2 Bxf1+ 27. Nxf1 Nac5 28. Nd2 h5 29. h4 Kg7 30. Qc3 Qa6 31. Qc4 Qa5 32. Qc2 Qb5 33. Nc4 Qa6 34. Qc3 Nb3 35. f4 {[%cal Rf4e5]} b5 36. Nd2 Nbc5 37. fxe5 Nxe5 38. Nf3 Ncd7 39. Nd4 Qb6 40. Qb4 Nc4 $36 {[%mdl 2048] Black is more active.} 41. Qc3 {Nf5+ would kill now.} Nde5 (41... Kg8 {feels hotter.} 42. g4 Nf6 43. gxh5 Nxh5 44. Nc6 Qc7) 42. Nd1 ({White should play} 42. g4 $1 $11) 42... Kh7 43. Ne3 $2 {[%mdl 8192] [#]} (43. Kf1 $15) 43... b4 $1 $19 {[%cal Rb4c3][%mdl 512]} 44. axb4 Nxe3+ 45. Qxe3 {Nf5 is the strong threat.} Qxb4 46. Qf2 (46. Qc3 $142 Qxc3 47. bxc3) 46... Kg7 47. Kh3 (47. Kf1 $142 Qc4+ 48. Kg1) 47... Ng4 {Precision: White = 53%, Black = 86%.} 0-1

[Event "American Continental-ch 2018"]
[Site "Montevideo"]
[Date "2018.06.01"]
[Round "1"]
[White "Nascimento, Pedro Henrique Alve"]
[Black "Tristan, Leonardo"]
[Result "0-1"]
[WhiteElo "1979"]
[BlackElo "2459"]
[Annotator "TA"]
[PlyCount "68"]
[EventDate "2018.??.??"]
[EventType "swiss"]
[EventCountry "URU"]
[SourceTitle "playchess.com"]
[Source "ChessBase"]
[SourceQuality "1"]

{[%evp 17,68,17,20,0,6,4,-27,-160,-43,-55,-58,-53,-54,-45,-49,-35,-46,-136,-136,-122,-103,-112,-118,-129,-126,-186,-185,-191,-188,-189,-188,-191,-191,-185,-180,-262,-263,-258,-250,-293,-293,-289,-296,-525,-521,-590,-583,-29982,-29981,-29964,-12778,-12778,-12283]} 1. d4 d6 2. Nf3 f5 3. g3 Nf6 4. Bg2 g6 5. O-O Bg7 6. c4 O-O 7. Nc3 Nc6 8. d5 Na5 9. Nd2 c5 {LiveBook: 179 Partien} 10. e4 {A89: Holländische Verteidigung (Leningrader Variante)} (10. Qc2 a6 11. b3 b5 12. Bb2 Bd7 13. e3 Rb8 14. Rab1 Qe8 15. Ne2 bxc4 16. bxc4 Ba4 17. Qd3 Bd7 18. Qa3 Nb7 19. Qxa6 {1-0 (62) Karjakin,S (2783)-Nepomniachtchi,I (2751) chess.com INT 2017}) 10... f4 11. gxf4 $146 ({Vorgänger:} 11. Ne2 fxg3 12. hxg3 Ng4 13. Qc2 g5 14. Nb3 Nxb3 15. axb3 h6 16. f3 Ne5 17. f4 Ng4 18. fxg5 Rxf1+ 19. Bxf1 {0-1 (26) Bolico,E (2215)-Guido,F (2300) Verona 1997}) 11... Nh5 12. e5 (12. f5 $11) 12... dxe5 ({Besser ist} 12... Nxf4 $17 13. e6 b6) 13. fxe5 $15 Bxe5 14. Qe2 Bxc3 15. bxc3 Nf4 16. Qe4 $1 Nxg2 17. Kxg2 ({Lieber} 17. Qxg2 $15 Rf4 18. f3) 17... Bf5 $36 {[%mdl 2048] Weiss steht unter starkem Druck.} 18. Qh4 e6 19. Qxd8 Raxd8 20. dxe6 Bxe6 21. Nb3 (21. Re1 $17 Bd7 22. Ne4) 21... Nxc4 $19 {Droht ...Tf5 und aus.} 22. Nxc5 Bd5+ 23. Kg1 {[#]} Ne5 $1 {[%cal Re5f3]} 24. f4 Nf3+ 25. Kf2 Nxh2 26. Rd1 (26. Rg1 $142) 26... Ng4+ 27. Kg3 {und nun wäre c4 stark für Weiss.} Nf6 28. c4 Bxc4 29. Rxd8 Rxd8 30. Nxb7 $2 {[#]} (30. f5) 30... Rd3+ 31. Kf2 Ne4+ 32. Ke1 Rf3 {[%csl Gc4][%cal Rf3f1]} 33. Kd1 Rf1+ 34. Kc2 Rf2+ {Precision: Weiß = 37%, Schwarz = 78%.} 0-1

[Event "American Continental-ch 2018"]
[Site "Montevideo"]
[Date "2018.06.01"]
[Round "1"]
[White "Vazquez, Facundo"]
[Black "Sosa, Tomas"]
[Result "0-1"]
[WhiteElo "1969"]
[BlackElo "2453"]
[Annotator "TA"]
[PlyCount "78"]
[EventDate "2018.??.??"]
[EventType "swiss"]
[EventCountry "URU"]
[SourceTitle "playchess.com"]
[Source "ChessBase"]
[SourceQuality "1"]

{[%evp 14,78,40,0,27,4,20,27,19,21,25,15,16,15,39,10,29,-30,-32,-20,-9,-22,17,-28,105,81,89,93,154,126,158,145,154,145,132,118,131,133,180,197,179,178,188,143,192,193,189,181,188,163,208,182,188,-72,-83,-244,-205,-458,-439,-29994,-948,-29995,-29996,-29996,-29997,-29997,-29998]} 1. d4 d5 2. c4 e6 3. Nf3 Nf6 4. cxd5 exd5 5. Bg5 Nbd7 6. Nc3 Bb4 7. Qc2 h6 8. Bf4 {LiveBook: 3 Games. D38: Queen's Gambit Declined: Ragozin Defence (4 Nf3 Bb4)} (8. Bh4 {with more complications.} O-O 9. e3 c5 10. Be2 b6 11. O-O) (8. Bh4 g5 9. Bg3 Ne4 10. Nd2 Nxg3 11. hxg3 Nb6 12. e3 c6 13. Bd3 Be6 14. Kf1 Qf6 15. a3 Bd6 {1-0 (46) Edouard,R (2611)-Vocaturo,D (2606) Sitges 2016}) 8... Ne4 9. Nd2 $146 ({Predecessor:} 9. e3 g5 10. Bg3 c6 11. Nd2 Nxg3 12. hxg3 Nf6 13. Bd3 Be6 14. Nf3 Ng4 15. a3 Be7 {0-1 (57) Loeffler,S (2415)-Lipka,J (2419) Austria 2014}) 9... Nxc3 10. bxc3 {The position is equal.} Be7 11. e3 O-O 12. Bd3 c5 13. O-O c4 14. Bf5 b5 15. e4 (15. Rfb1 $142) 15... Nb6 $11 16. Rab1 a6 17. Nf3 Bd6 {And now ...Bxf5 would win.} 18. Be5 Bb7 {[#]} (18... Re8 $11 {remains equal.}) 19. Bxd6 $1 $16 Qxd6 20. e5 $36 {[%mdl 2048] White is on the roll.} Qe7 {[#]} ({Black should play} 20... Qd8) 21. e6 $1 {[%mdl 512]} fxe6 22. Bh7+ Kh8 23. Ne5 {aiming for Ng6+.} Rf6 24. Ng6+ Rxg6 25. Bxg6 e5 26. dxe5 Qxe5 27. Rbe1 {[%cal Bb1e1,Be1e3,Be3e5][%mdl 32]} Qf6 28. Re3 {Hoping for Rfe1.} d4 29. cxd4 Nd5 30. Re5 Nb4 31. Qf5 Nc6 32. Qxf6 gxf6 33. Rd5 $2 ({Better is} 33. Re6 $18) 33... Ne5 $1 $17 34. Rxe5 $2 (34. dxe5 $17 Bxd5 35. Rd1) 34... fxe5 $19 35. dxe5 $2 $17 {KRB-KRB} (35. d5 {was forced.}) 35... Rg8 $19 36. Bb1 (36. f3 $19 Rxg6 37. Kf2) 36... Rxg2+ 37. Kh1 Rxf2+ {Black mates.} 38. Kg1 Rg2+ 39. Kh1 Rg5+ {Precision: White = 37%, Black = 42%.} 0-1

[Event "American Continental-ch 2018"]
[Site "Montevideo"]
[Date "2018.06.01"]
[Round "1"]
[White "Rodriguez Farias, Eduardo"]
[Black "Roselli Mailhe, Bernardo"]
[Result "0-1"]
[WhiteElo "1943"]
[BlackElo "2433"]
[Annotator "TA"]
[PlyCount "66"]
[EventDate "2018.??.??"]
[EventType "swiss"]
[EventCountry "URU"]
[SourceTitle "playchess.com"]
[Source "ChessBase"]
[SourceQuality "1"]

{[%evp 15,66,51,95,-19,67,68,138,135,136,132,125,124,128,132,149,129,142,103,104,81,95,84,104,113,137,125,177,170,258,268,258,260,247,227,235,0,0,-213,-211,-954,-772,-742,-742,-735,-721,-721,-651,-416,-418,-412,-412,-407,-270]} 1. e4 e5 2. Nf3 Nc6 3. Bc4 Bc5 4. O-O d6 5. c3 Bb6 6. d4 Qe7 7. h3 Nf6 8. Re1 h6 9. Nbd2 {C53: Giuoco Piano sidelines} (9. b4 $16) (9. a4 a6 10. Be3 O-O 11. Nbd2 Nh5 12. Bd5 exd4 13. cxd4 Nd8 14. e5 Be6 15. Bb3 dxe5 16. d5 Bxe3 17. Rxe3 {½-½ (26) Amonatov,F (2647)-Saidov,B (2355) Tashkent 2009}) 9... a6 (9... exd4 $11 10. Nxd4 Bxd4 11. cxd4 Nxd4) 10. Nf1 {[%cal Bd2f1,Bf1e3,Be3d5][%mdl 32]} g5 (10... O-O $14) 11. Ne3 $16 {White is clearly better.} g4 12. hxg4 $146 ({Predecessor:} 12. Nh4 exd4 13. Nef5 Qe5 14. Bd2 g3 15. f4 dxc3+ {1-0 (29) Aagaard,J (2260)-Steinbacher,M (2390) Copenhagen 1994}) 12... Bxg4 13. Nd5 Qd8 14. Nxb6 cxb6 15. Qd3 Qc7 16. dxe5 dxe5 17. Bb3 Nd7 18. Nh2 Nc5 19. Qg3 Be6 20. Bxe6 Nxe6 (20... fxe6 $16 21. b4 Na4) 21. Rd1 $18 Nb8 (21... h5 $142 22. Be3 Ne7) 22. Ng4 {Hoping for Nf6+.} Nd7 23. Nxh6 O-O-O 24. Nxf7 Rdg8 {[#]} 25. Nd6+ $2 ({Worse is} 25. Nxh8 Rxg3 26. fxg3 Nf6 $17) (25. Qf3 $1 $18 Rh4 26. Qf5) 25... Kb8 $11 26. Qd3 $2 (26. Qf3 $11 {and White stays safe.}) 26... Ndc5 $40 {[%mdl 128] Black attacks with force.} 27. Qd5 $2 {[#]} (27. Qf3 Rd8 28. Nf5) 27... Rxg2+ $3 {[%mdl 512]} 28. Kxg2 Qg7+ 29. Kf3 Rh3+ 30. Ke2 Qg4+ 31. Kd2 {Black must now prevent Kc2.} Nf4 {[%csl Gf4][%cal Rg4e2] Black is winning.} 32. Qc4 Rd3+ 33. Qxd3 Ncxd3 {Precision: White = 51%, Black = 61%.} 0-1

[Event "American Continental-ch 2018"]
[Site "Montevideo"]
[Date "2018.06.02"]
[Round "2"]
[White "Cori, Jorge"]
[Black "Ruiz Castillo, Joshua Daniel"]
[Result "1-0"]
[WhiteElo "2659"]
[BlackElo "2378"]
[Annotator "TA"]
[PlyCount "93"]
[EventDate "2018.??.??"]
[EventType "swiss"]
[EventCountry "URU"]
[SourceTitle "playchess.com"]
[Source "ChessBase"]
[SourceQuality "1"]

{[%evp 9,93,7,21,17,30,26,32,13,27,25,38,31,33,29,41,31,37,31,40,18,14,11,47,20,47,0,22,-2,0,0,0,-6,0,-2,0,-8,70,73,73,67,67,67,67,67,67,67,67,67,64,70,89,77,74,77,83,69,122,89,100,91,141,146,135,98,102,119,108,96,135,134,139,118,212,213,195,157,295,297,281,277,435,447,1338,816,925,784]} 1. d4 Nf6 2. Nf3 e6 3. e3 Be7 4. Bd3 c5 5. O-O cxd4 6. exd4 {A46: 1 d4 Nf6 2 Nf3 e6: Torre, London and Colle Systems} O-O 7. Re1 b6 8. Bf4 {White is slightly better.} Bb7 9. c3 d6 10. h3 Re8 $146 ({Predecessor:} 10... Nbd7 11. Nbd2 Re8 12. Bh2 Qc7 13. a4 {0-1 (34) Gledura,B (2550)-Hera,I (2622) Bad Ragaz 2016}) 11. Bh2 Nbd7 12. a4 a6 13. Nbd2 Qc7 14. Rc1 Bc6 15. c4 Qa7 16. b4 {[%cal Bb2b4,Bb4b5][%mdl 32]} Rac8 17. Nb1 a5 18. b5 Bb7 19. Nbd2 Qa8 20. Bf1 d5 21. Re3 Bb4 22. Bg3 Ne4 (22... Red8 $11) 23. Nxe4 $14 dxe4 24. Ne5 Nxe5 25. Bxe5 f6 26. Bf4 $1 e5 27. dxe5 fxe5 28. Bg5 $1 Bc5 29. Rg3 {And now Qd7 would win.} Rc7 30. Rc2 Rf7 31. Be3 Qc8 32. Rd2 Ref8 (32... Bxe3 $14 33. Rxe3 Qc5) 33. Bxc5 Qxc5 {[#]} 34. Qe1 $1 Kh8 35. Qe3 Qc7 36. Qg5 h6 {[#]} 37. Qe3 $1 Rf6 38. h4 {[%cal Bh3h4,Bh4h5][%mdl 32]} R8f7 39. h5 Kh7 40. Rg4 Re7 (40... Rf8 $16) 41. Qg3 $18 Ree6 42. Be2 {[%cal Bf1e2,Be2c4,Bc4e6][%mdl 32]} Ba8 (42... Qe7 $16 43. c5 bxc5) 43. c5 bxc5 44. Bc4 Re8 (44... Rd6 {was called for.} 45. Rg6 (45. Qxe5 Qd7 $18) 45... Qe7 46. Rxd6 Rxd6 47. Rxd6 Qxd6) 45. Rg6 {White is clearly winning.} Ref8 (45... Qe7 $142 46. Qh3 Rxg6 47. hxg6+ Kh8) 46. Be6 e3 47. fxe3 {Precision: White = 63%, Black = 44%.} 1-0

[Event "American Continental-ch 2018"]
[Site "Montevideo"]
[Date "2018.06.02"]
[Round "2"]
[White "Mareco, Sandro"]
[Black "De Dovitiis, Alejo"]
[Result "0-1"]
[WhiteElo "2643"]
[BlackElo "2343"]
[Annotator "TA"]
[PlyCount "70"]
[EventDate "2018.??.??"]
[EventType "swiss"]
[EventCountry "URU"]
[SourceTitle "playchess.com"]
[Source "ChessBase"]
[SourceQuality "1"]

{[%evp 15,70,-16,-4,-22,-14,-10,22,-54,-59,-10,-14,-37,-4,0,7,-4,3,12,13,5,8,-99,-102,-202,-191,-311,-306,-300,-303,-272,-282,-267,-142,-131,-64,-65,-13,-8,79,82,79,-97,-97,-95,-99,-100,-105,-124,-118,-95,-45,-52,-52,-489,-492,-481,535]} 1. Nf3 Nf6 2. c4 e6 3. d4 d5 4. Nc3 Be7 5. Bf4 O-O 6. e3 Nbd7 7. cxd5 Nxd5 8. Bg3 {D37: Damengambit (5.Lf4)} c5 {LiveBook: 10 Partien} 9. Nxd5 exd5 10. dxc5 {Die Stellung ist ausgeglichen.} Nxc5 11. Be2 $146 (11. Be5 $1 $11) ({Vorgänger:} 11. Be5 Ne4 12. Be2 Qa5+ {0-1 (45) Bogner,S (2549)-Fridman,D (2645) Germany 2011}) 11... Qa5+ $15 12. Kf1 $1 Ne4 13. Be5 Bg4 14. h3 Bxf3 15. gxf3 Nd2+ 16. Kg2 {zielt auf Lc3 ab.} d4 17. exd4 Rad8 18. a3 (18. Re1 $11) 18... Rxd4 $1 $17 19. Bg3 (19. Bxd4 Qg5+ 20. Kh2 Bd6+ 21. Be5 Bxe5+ 22. f4 Bxf4#) (19. f4 $17) 19... f5 $19 {[%cal Bf7f5,Bf5f4][%mdl 32]} 20. Rg1 (20. f4 {ist eine bessere Verteidigung.}) 20... f4 21. Bh2 Qg5+ 22. Kh1 Qd5 23. Rc1 Bd6 (23... Nb3 $2 24. Bc4 $1 $18 {[%mdl 512]}) (23... Kh8 $19 {Und weiter mit ...Sb3 wäre nett.} 24. Rc7 Qe5 25. Rxb7 Nxf3 $1 {[%mdl 512]} 26. Bxf3 Rxd1 27. Rxd1 Bc5) 24. Rc3 $17 b5 ({Besser ist} 24... Re8 $17 25. b4 b5) 25. Qc2 $15 Re8 (25... a6 $15) 26. Rc8 $11 Nxf3 (26... Rxc8 $11 {hält das Gleichgewicht.} 27. Qxc8+ Bf8) 27. Rxe8+ $16 Kf7 28. Rg2 $2 (28. Qc8 $16 {ist nötig, um Vorteil zu sichern. jetzt Dd7+ und aus.} Nxg1+ 29. Kxg1 Rd1+ 30. Bf1 (30. Bxd1 $2 Qxd1+ 31. Re1 Qxe1+ 32. Kg2 f3+ 33. Kxf3 Qh1+ 34. Ke2 Qe4+ 35. Kf1 Bxh2 $19)) 28... Nh4 $17 {[%csl Gh4][%cal Rd5g2]} 29. f3 {Schwarz muss nun Te4 beachten.} ({Nur nicht} 29. Bh5+ $2 g6 $19) 29... Nxg2 30. Qc8 Ne3 {Droht ...Td1+! und aus.} 31. Qd7+ Kf6 $1 {Und ...Td1+! würde nun gewinnen.} 32. Bg1 Rd2 $40 {[%mdl 128] Schwarz hat was vor.} 33. Bxe3 fxe3 34. Re4 $2 {[%mdl 8192] [#]} (34. Qd8+ $15 Kg6 35. Rxe3) 34... Rd1+ $1 $19 {[%mdl 512]} 35. Kg2 {[#]} (35. Bxd1 Qxd1+) 35... Rg1+ $1 {[%mdl 33280] Precision: Weiß = 45%, Schwarz = 60%. . Loss on Time!?} 0-1

[Event "American Continental-ch 2018"]
[Site "Montevideo"]
[Date "2018.06.02"]
[Round "2"]
[White "Flores, Diego"]
[Black "Varacalli, Francisco"]
[Result "1/2-1/2"]
[WhiteElo "2614"]
[BlackElo "2312"]
[Annotator "TA"]
[PlyCount "54"]
[EventDate "2018.??.??"]
[EventType "swiss"]
[EventCountry "URU"]
[SourceTitle "playchess.com"]
[Source "ChessBase"]
[SourceQuality "1"]

{[%evp 29,54,16,26,20,26,21,26,18,18,21,33,30,23,29,66,0,0,0,0,0,0,0,0,0,0,-28,-37]} 1. Nf3 Nf6 2. g3 g6 3. b3 Bg7 4. Bb2 O-O 5. Bg2 d6 6. d4 c5 7. c4 Nc6 8. O-O cxd4 9. Nxd4 Bd7 10. Nc3 Nxd4 11. Qxd4 Bc6 12. Nd5 Ne8 13. Qd2 Bxb2 {E60: King's Indian: Unusual lines and Fianchetto Variation without Nc3} 14. Qxb2 Bxd5 15. Bxd5 Qc7 {LiveBook: 6 Games. The position is equal.} (15... Qb6 16. Rfc1 Nf6 17. Bf3 Rfc8 18. Rab1 a5 19. a3 Rc7 20. h4 h5 21. b4 axb4 22. axb4 Rac8 23. c5 dxc5 24. bxc5 Qxb2 25. Rxb2 Rxc5 26. Rxc5 Rxc5 27. Rxb7 {½-½ (27) Bruzon Batista,L (2660)-Swiercz,D (2639) Saint Louis 2017}) 16. Rfd1 (16. Bg2 {keeps more tension.} Nf6 17. Rfd1 Rac8 18. Bh3 Rb8 19. Rac1) 16... Nf6 17. Bf3 Rab8 18. Rac1 Rfc8 $146 ({Predecessor:} 18... Rfd8 19. h4 Nd7 20. Bg2 Ne5 {1-0 (32) Toma,R (2208)-Toma,P Olanesti 2012}) 19. b4 Qb6 20. Qa3 a5 21. bxa5 Qc5 22. Rd3 (22. Rc3 $1 $14) 22... Ra8 $1 $11 23. Bxb7 Rxa5 24. Qb2 Rc7 25. Rb3 Ra4 26. Bd5 Rca7 27. Rb5 Rxa2 {Precision: White = 62%, Black = 81%.} 1/2-1/2

[Event "American Continental-ch 2018"]
[Site "Montevideo"]
[Date "2018.06.02"]
[Round "2"]
[White "Cruz, Cristhian"]
[Black "Foisor, Sabina-Francesca"]
[Result "1-0"]
[WhiteElo "2576"]
[BlackElo "2301"]
[Annotator "TA"]
[PlyCount "113"]
[EventDate "2018.??.??"]
[EventType "swiss"]
[EventCountry "URU"]
[SourceTitle "playchess.com"]
[Source "ChessBase"]
[SourceQuality "1"]

{[%evp 11,113,20,16,10,11,10,7,7,14,10,12,16,30,31,49,48,45,30,29,2,43,43,92,87,157,139,152,141,162,151,221,214,208,199,184,180,171,170,192,147,173,171,168,180,239,238,236,231,239,222,243,242,230,231,257,261,264,231,231,231,326,326,473,469,631,624,596,607,566,535,372,362,29963,29966,29967,29967,29967,29968,29968,29968,29969,29968,29975,29976,29977,29978,29978,29979,29979,29980,29979,29980,29980,29981,29981,29982,29981,29982,29982,29983,29983,29984,29989,29990]} 1. c4 c6 2. Nf3 d5 3. e3 Nf6 4. Nc3 a6 5. b3 Bg4 6. h3 {A11: English Opening: 1...c6} (6. Be2 Bxf3 7. Bxf3 e5 8. d3 Bb4 9. Bd2 d4 10. Ne2 Bxd2+ 11. Qxd2 dxe3 12. Qxe3 O-O 13. O-O Re8 {0-1 (69) Short,N (2678)-Laznicka,V (2647) Riadh 2017}) 6... Bh5 {LiveBook: 25 Games} 7. Ba3 $146 ({Predecessor:} 7. Bb2 Nbd7 8. cxd5 cxd5 9. g4 Bg6 10. g5 Ne4 11. Nxd5 e6 12. Nf4 Nxg5 13. h4 Nxf3+ 14. Qxf3 {1-0 (38) Sipos,I (2460)-Pechac,J (2451) Slovakia 2018}) 7... e6 8. Bxf8 {The position is equal.} Kxf8 9. Be2 Nbd7 10. O-O Bxf3 11. Bxf3 h5 12. d4 g5 13. Be2 g4 14. hxg4 hxg4 15. Bxg4 Ke7 (15... dxc4 $5 {[%cal Rd8a5]} 16. Bh3 Qa5 $11) 16. Bf3 Qc7 {[%csl Gh8][%cal Rc7h2] [#]} 17. g3 Rh3 (17... Rag8 $142 18. Ne2 Qb8) 18. Bg2 Rh6 19. cxd5 exd5 20. Re1 Rg8 (20... Kf8 $16 21. e4 dxe4) 21. e4 $18 dxe4 22. Nxe4 Kd8 23. Nxf6 Rxf6 24. Qd2 Qd6 25. Re3 Re6 26. d5 {[#] Strongly threatening Rd3.} Rxe3 27. Qxe3 {dxc6 is the strong threat.} Qe5 (27... c5 $142 28. Rc1 Re8) 28. Qxe5 Nxe5 29. dxc6 Nxc6 {[%mdl 4096] Endgame KRB-KRN} 30. Bd5 Rf8 31. Rc1 Kc7 32. Rc4 f6 33. Bxc6 bxc6 {KR-KR} 34. Rf4 a5 35. g4 Kb6 (35... Kd7 {keeps fighting.} 36. f3 c5) 36. Kg2 a4 (36... Rg8 {was called for.} 37. Kf3 (37. Rxf6 Rxg4+ 38. Kf3 Rg1 $16) 37... Rg6) 37. Rxa4 f5 38. gxf5 Rxf5 39. f4 Kc7 40. Kg3 Kd6 41. Re4 Rd5 $2 (41... Rf8 $18 42. Kf3 Kd5) 42. Re2 {White mates.} Rd1 43. Kg4 Rg1+ 44. Kh5 Rf1 45. Kg5 Rg1+ 46. Kf6 Kd7 47. f5 {[%cal Bf4f5,Bf5f6,Bf6f7][%mdl 32]} Rg3 48. Kf7 Rg5 49. Rd2+ Kc7 50. f6 Rg1 51. Ke8 Re1+ 52. Kf8 Rf1 53. f7 Rg1 54. Rf2 Kd7 55. a4 {[%cal Ba2a4,Ba4a5][%mdl 32]} Rg3 56. a5 Rxb3 57. Kg7 {Precision: White = 88%, Black = 40%.} 1-0